000
00298nam a22001337a 4500
008
170519b xxu||||| |||| 00| 0 eng d
020
_a
9781435102095
041
_a
eng
080
_a
94 (4)
100
_a
16
101
_a
SHH
245
_a
A DARK HISTORY THE KINGS&
_c
LEWIS, B.R
942
_2
udc
_c
BK
999
_c
13548
_d
13548